One to Five - Statistics

General Stats
  • This quiz has been taken 16 times
  • The average score is 45 of 90
Answer Stats
Hint Answer % Correct
One country which borders South Korea North Korea
100%
Belgium
93%
Two countries which border Mongolia China
93%
Five countries which border Kenya Ethiopia
93%
Three countries which border Luxembourg France
93%
Germany
93%
Turkey
93%
Uganda
93%
Four countries which border Greece Albania
87%
Bulgaria
87%
Helium
87%
North Macedonia
87%
Russia
87%
Tanzania
87%
One singer of "Rocketman" Elton John
80%
Hydrogen
80%
Somalia
80%
cycling
73%
cycling
73%
Four members of Queen Freddie Mercury
73%
Henry I
73%
Five Tudor monarchs of England Henry VII
73%
Henry VIII
73%
Three disciplines in a triathlon swimming
73%
Four disciplines in a quadrathlon swimming
73%
swimming
73%
One world record held by Usain Bolt 100m
67%
running
67%
Edward VI
67%
Two Lords Protector of the Commonwealth of England, Scotland and Ireland Oliver Cromwell
67%
Richard Cromwell
67%
running
67%
running
67%
South Sudan
67%
Victoria Beckham
67%
Three Norman kings of England William I
67%
William II
67%
Two elements beginning with Z Zinc
67%
Elizabeth I
60%
Iron
60%
shooting
60%
Five disciplines in a modern pentathlon shooting
60%
Two books by Harper Lee To Kill a Mockingbird
60%
Three members of Destiny's Child Beyonce Knowles
47%
Brian May
47%
Three elements beginning with E Einsteinium
47%
Geri Halliwell
47%
Mary I
47%
Two disciplines in a biathlon skiing
47%
One Blois king of England Stephen
47%
Three books in a series by Suzanne Collins (pre 2020) The Hunger Games
47%
One book by Emily Bronte Wuthering Heights
47%
Emma Bunton
40%
Four elements beginning with I Indium
40%
Iodine
40%
Five Spice Girls Melanie Brown
40%
Melanie Chisholm
40%
Roger Taylor
40%
Zirconium
40%
Iridium
33%
Kelly Rowland
33%
One element beginning with K Krypton
33%
Two members of Pet Shop Boys Neil Tennant
33%
Catching Fire
27%
Cnut
27%
John Deacon
27%
Mockingjay
27%
Chris Lowe
20%
Five books in a series by Christopher Paolini Eragon
20%
Europium
20%
Michelle Williams
20%
equestrian
13%
Erbium
13%
fencing
13%
Five elements beginning with H Hafnium
13%
Hassium
13%
Holmium
13%
kayaking
13%
Four books in a series by Richard Osman (as of 2024) The Thursday Murder Club
13%
Brisingr
7%
Eldest
7%
Go Set a Watchman
7%
Harold Harefoot
7%
Inheritance
7%
Murtagh
7%
The Bullet That Missed
7%
The Last Devil to Die
7%
The Man Who Died Twice
7%
Harthnacnut
0%
Four Danish kings of England Sweyn Forkbeard
0%
No matching quizzes found
Score Distribution
Percent of People with Each Score
Percentile by Number Answered
Your Score History
You have not taken this quiz